00943nam a22001577a 4500003000900000005001700009008004100026040001300067245023800080260004700318300004000365500011100405650007400516651003000590856016500620BR-ViAPE20260602124535.0260602s1870 por gs||||s000 0 por d cBR-ViAPE aAlgumas considerações sobre o discurso do nobre Senador pela Província do Espírito Santo em 13 de setembro de 1869 com relação á estrada de ferro projetada de Santa Catarina a S. Pedro do Sul po José Dias da Cruz Lima aRio de JaneirobTyp. de J. L. Viannac1870 a18 p.bDocumento digitalizado (PDF) aDocumento digitalizado do acervo institucional do Arquivo Público do Estado do Espírito Santo - APEES. aAdministração públicaxDiscursozEspírito Santo (Província) aEspírito Santo (Brasil) uhttps://ape.es.gov.br/Media/ape/PDF/Livros/Livros_Historicos/Obras_raras/seculo_XIX/APEES_OR_algumas_consid_sobre_1870.pdfyCLIQUE AQUI PARA ACESSAR O DOCUMENTO